Online
Catalog

Informática y arqueología : (Record no. 1616)

MARC details
000 -CABECERA
campo de control de longitud fija 00926cam a2200241 a 4500
001 - NÚMERO DE CONTROL
campo de control 000001738
005 - FECHA Y HORA DE LA ÚLTIMA TRANSACCIÓN
campo de control 20200929145701.0
008 - DATOS DE LONGITUD FIJA--INFORMACIÓN GENERAL
campo de control de longitud fija 951120s1995 ck bd b 001 0 spa d
020 ## - NÚMERO INTERNACIONAL ESTÁNDAR DEL LIBRO
ISBN cancelado o inválido 9586122107
040 ## - FUENTE DE LA CATALOGACIÓN
Centro catalogador/agencia de origen DO-SdBNP
Lengua de catalogación spa
Centro/agencia transcriptor BNPHU
082 ## - NÚMERO DE LA CLASIFICACIÓN DECIMAL DEWEY
Número de clasificación 930.102
Número de documento/Ítem I43a
245 00 - MENCIÓN DE TÍTULO
Título Informática y arqueología :
Resto del título un modelo para el manejo de datos básicos /
Mención de responsabilidad, etc. Cristina Urrego ... [et al.].
260 ## - PUBLICACIÓN, DISTRIBUCIÓN, ETC.
Lugar de publicación, distribución, etc. Colombia :
Nombre del editor, distribuidor, etc. Colcultura;
-- TM Editores,
Fecha de publicación, distribución, etc. 1995.
300 ## - DESCRIPCIÓN FÍSICA
Extensión 178 p. :
Otras características físicas tablas, mapas ;
Dimensiones 21 cm.
440 #0 - MENCIÓN DE SERIE/PUNTO DE ACCESO ADICIONAL--TÍTULO
Título Premios Nacionales de Cultura, 1994
Nombre de parte o sección de la obra Antropología
9 (RLIN) 5652
504 ## - NOTA DE BIBLIOGRAFÍA, ETC.
Nota de bibliografía, etc. Incluye referencias bibliográficas p. 171-178
650 #4 - PUNTO DE ACCESO ADICIONAL DE MATERIA--TÉRMINO DE MATERIA
Término de materia o nombre geográfico como elemento de entrada Arqueología
Subdivisión general Procesamiento electrónico de datos
9 (RLIN) 5653
700 1# - PUNTO DE ACCESO ADICIONAL--NOMBRE DE PERSONA
Nombre de persona Urrego, Cristina
9 (RLIN) 5654
700 1# - PUNTO DE ACCESO ADICIONAL--NOMBRE DE PERSONA
Nombre de persona Herrera, Luisa Fernanda
9 (RLIN) 5655
700 1# - PUNTO DE ACCESO ADICIONAL--NOMBRE DE PERSONA
Nombre de persona Mora, Santiago
9 (RLIN) 5656
700 1# - PUNTO DE ACCESO ADICIONAL--NOMBRE DE PERSONA
Nombre de persona Cavelier, Inés
9 (RLIN) 5657
830 #0 - PUNTO DE ACCESO ADICIONAL DE SERIE-TÍTULO UNIFORME
Título uniforme Premios Nacionales de Cultura, 1994
Nombre de parte o sección de la obra Antropología
9 (RLIN) 5652
Holdings
Estado de retiro Estado de pérdida Restricciones de uso No para préstamo Código de colección Localización permanente Ubicación/localización actual Ubicación en estantería Fecha de adquisición Número de inventario Total de préstamos Signatura topográfica completa Código de barras Fecha visto por última vez Precio válido a partir de Tipo de ítem Koha
    Préstamo interno   Monografías: Libros y Folletos General General Depósito 14.07.2009 LF1   930.102 I43a 1738-10 25.06.2020 25.06.2020 Préstamo interno

Powered by Koha